| 000 | 00914nam a22002297a 4500 | ||
|---|---|---|---|
| 999 |
_c64032 _d64032 |
||
| 005 | 20240530110711.0 | ||
| 008 | 180121s2015 ua a g b 000 0dara d | ||
| 017 |
_a23395 _bمصر. دار الكتب |
||
| 020 | _a9789773144562 | ||
| 040 |
_aEG-CaGPL _cEG-CaGPL |
||
| 082 | 0 | 4 |
_221 _a401\ _bهـ ع |
| 100 | 1 | _aهوفمان ، لودجر | |
| 245 | 1 | 0 |
_aعلم اللغة : _bالنظريات اللغوية - اللغة والفعل : نصوص لغوية لقراءة اهم اتجاهات البحث اللغوى / _cلودجر هوفمان ؛ ترجمه سعيد حسن بحيرى . |
| 250 | _aط.1 | ||
| 260 |
_aالقاهرة : _bمكتبة زهراء الشرق ، _c2015 . |
||
| 300 |
_a2 جزء ؛ _c24 سم. |
||
| 650 | 0 | 7 |
_2qrmak _aاللغة ، علم |
| 651 | _2qrmak | ||
| 700 | 0 |
_aسعيد حسن بحيرى _eمترجم |
|
| 942 |
_2ddc _cBK |
||